| 000 | 00000nam##2200000za#4500 |
| 001 | 9.640549 |
| 003 | CaOODSP |
| 005 | 20250506145323 |
| 007 | cr ||||||||||| |
| 008 | 150407|1984||||xxc|||||o f|0| 0 fre|d |
| 040 | |aCaOODSP|bfre |
| 043 | |an-cn--- |
| 086 | 1 |aA53-1495/1984F-PDF |
| 110 | 1 |aCanada.|bAgriculture Canada. |
| 245 | 10|aL'élevage de la découpeuse de la luzerne (mégachile) dans l'ouest du Canada |h[ressource électronique] |
| 260 | |aOttawa - Ontario : |bAgriculture Canada |cc1984. |
| 300 | |a60p.|bfigures, photographies |
| 500 | |aPublication historique numérisée par Agriculture et Agroalimentaire Canada. Le n° de catalogue (A53-1495/1984F) et l'ISBN (0-662-92332-4) de l'édition imprimée ont été copiés dans la version PDF. |
| 590 | |a12-32-Supp|b2012-07-11 |
| 775 | 08|tAlfalfa leafcutter bee management in Western Canada |w(CaOODSP)9.696434 |
| 856 | 40|ahttp://publications.gc.ca|qPDF|s4969 Ko|uhttps://publications.gc.ca/collections/collection_2012/agr/A53-1495-1984-fra.pdf |
| 986 | |aPublication 1495/F |